| 000 | 00633nam a2200193 i 4500 | ||
|---|---|---|---|
| 001 | 36228 | ||
| 003 | ES-MaACL | ||
| 005 | 20250822190538.0 | ||
| 007 | t| | ||
| 008 | 030217s1970 mx ||||1| spa d | ||
| 100 | 1 |
_aBulnes, Francisco. _932528 |
|
| 245 | 1 | 3 |
_aEl verdadero Juárez y la verdad sobre la intervención y el imperio / _cpor Francisco Bulnes. |
| 260 |
_aMéxico : _bEd. Nacional, _c[1970] |
||
| 300 |
_a873 p. ; _c17 cm. |
||
| 600 | 1 | 4 |
_aJuárez, Benito, _d1806-1872 _967156 |
| 651 | 4 |
_aMéxico- _xHistoria- _y1861-1867, Intervención europea. _9146885 |
|
| 852 |
_aES-MaACL _jE-9664 _bR.94041 |
||
| 999 |
_c36228 _d36228 |
||